000 00673nam a2200217 i 4500
001 15050
003 ES-MaACL
005 20231222205018.0
007 t|
008 991203s1997 gr ||||1| gre d
020 _a960-274-218-6
080 _a821.134.2-31"19"
100 1 _aMartín Gaite, Carmen,
_d1925-2000
_977496
245 1 0 _aNubosidad variable /
_cCarmen Martín Gaite ; traducción: Elena Kekropoúlou.
260 _aAtenas :
_bPsichogios,
_c[1997]
300 _a428 p. ;
_c21 cm.
546 _aPortada y texto en caracteres griegos.
700 1 _aKekropoúlou, Elena.
_967743
852 _aES-MaACL
_jL-22213
_bR.127472
999 _c15050
_d15050